Revista cal, una historia
保存先:
| 第一著者: | |
|---|---|
| フォーマット: | 図書 |
| 言語: | スペイン語 |
| 出版事項: |
Santiago
Soria Editores
2012
|
| 版: | 1a. ed |
| 主題: | |
| タグ: |
タグ追加
タグなし, このレコードへの初めてのタグを付けませんか!
|
MARC
| LEADER | 00000cam a2200000 a 4500 | ||
|---|---|---|---|
| 001 | UCE1216 | ||
| 003 | CL-VaPUC | ||
| 008 | 140331e20120000cl |||||||||||||||||spa|d | ||
| 082 | 0 | 4 | |a 050.983 |b RAV |2 21 |
| 100 | 0 | |a Raveau, Nicolás |e author |9 573568 | |
| 245 | 1 | 0 | |a Revista cal, una historia |
| 250 | |a 1a. ed | ||
| 300 | |a pág. irreg | ||
| 942 | |c BK | ||
| 945 | |d 20140331 09:48:00 |a dcastane | ||
| 260 | |a Santiago |b Soria Editores |c 2012 | ||
| 650 | 0 | |a Revistas |9 335471 | |
| 650 | 7 | |a REVISTAS CHILENAS |2 CL-VaPUC |9 383105 | |
| 650 | 7 | |a DOCUMENTOS HISTORICOS |2 CL-VaPUC |9 438868 | |
| 583 | |a last modification |c 20140331 09:48:00 |k Rodrigo Vera | ||
| 999 | |c 355095 |d 355093 | ||
| 952 | |0 0 |1 0 |3 erb |4 0 |6 050_983000000000000_RAV_2012 |7 0 |8 R |9 461465 |a BIBART |b BIBART |i 5065410 |o 050.983 RAV 2012 |p 5065410 |r 2025-03-13 |w 2019-11-23 |y BK_R |z Catalogado en:20140331 |k ART | ||